Sports Quiz

Random Sports or Football Quiz

NCAA Ohio State Football Leaders by Year (1980-2015) Quiz Stats

 Plays Quiz not verified by Sporcle

Score 0/108 Timer 15:00
0 Plays Today
Passing / Rushing / Receiving Name % Correct
PassingTroy Smith
96.8%
PassingTroy Smith
96.8%
ReceivingDevin Smith
96%
ReceivingDevin Smith
95.9%
RushingRobert Smith
94%
RushingRobert Smith
94%
PassingBraxton Miller
93.2%
PassingBraxton Miller
93.2%
PassingBraxton Miller
93.2%
RushingBraxton Miller
93.2%
RushingBraxton Miller
93.2%
PassingJT Barrett
92.9%
PassingCardale Jones
92.5%
RushingEzekiel Elliott
91.8%
RushingEzekiel Elliott
91.2%
ReceivingDee Miller
89.3%
PassingTerrelle Pryor
85.7%
PassingTerrelle Pryor
85.7%
PassingTerrelle Pryor
85.7%
RushingTerrelle Pryor
85.7%
RushingEddie George
82.4%
RushingEddie George
82.4%
RushingChris Wells
79.7%
RushingChris Wells
79.7%
RushingJonathan Wells
78.4%
RushingCarlos Hyde
77.5%
PassingCraig Krenzel
75.7%
PassingCraig Krenzel
75.7%
ReceivingMichael Thomas
74.1%
RushingMaurice Clarett
68.9%
ReceivingTed Ginn
66.1%
ReceivingCris Carter
61.5%
ReceivingCris Carter
61.5%
ReceivingCris Carter
61.5%
PassingJoe Germaine
61.1%
PassingJoe Germaine
61.1%
Passing / Rushing / Receiving Name % Correct
PassingStanley Jackson
60.7%
ReceivingDavid Boston
57.4%
PassingKirk Herbstreit
56.9%
ReceivingMichael Jenkins
55.8%
ReceivingMichael Jenkins
55.8%
ReceivingMichael Jenkins
55.8%
PassingBobby Hoying
55%
PassingBobby Hoying
55%
PassingBobby Hoying
55%
ReceivingTerry Glenn
52.1%
ReceivingSantonio Holmes
52.1%
ReceivingSantonio Holmes
52.1%
PassingTodd Boeckman
51.8%
PassingJustin Zwick
51.5%
RushingAntonio Pittman
51.2%
RushingAntonio Pittman
51.2%
ReceivingCorey Brown
49.4%
ReceivingCorey Brown
49.4%
RushingDaniel Herron
47%
ReceivingJoey Galloway
47%
ReceivingJoey Galloway
47%
RushingKeith Byars
44.7%
RushingKeith Byars
44.7%
PassingSteve Bellisari
44.2%
PassingSteve Bellisari
44.2%
PassingSteve Bellisari
44.2%
PassingArt Schlichter
41.3%
PassingArt Schlichter
41.3%
ReceivingBrian Robiskie
37.5%
ReceivingBrian Robiskie
37.5%
RushingLydell Ross
36.6%
RushingLydell Ross
36.6%
ReceivingDevier Posey
36.2%
ReceivingEverett Ross
35.3%
PassingMike Tomczak
35.2%
PassingMike Tomczak
35.2%
Passing / Rushing / Receiving Name % Correct
PassingMike Tomczak
35.2%
RushingPepe Pearson
33.9%
RushingPepe Pearson
33.9%
RushingMichael Wiley
32.5%
RushingMichael Wiley
32.5%
PassingKent Graham
30.2%
PassingTom Tupa
30.1%
ReceivingJeff Graham
29.3%
ReceivingJeff Graham
29.3%
ReceivingDane Sanzenbacher
29.2%
RushingCarlos Snow
28.8%
RushingCarlos Snow
28.8%
RushingCarlos Snow
28.8%
RushingTim Spencer
28%
RushingTim Spencer
28%
RushingRaymont Harris
26.5%
ReceivingGary Williams
26%
ReceivingGary Williams
26%
ReceivingKen-Yon Rambo
26%
ReceivingKen-Yon Rambo
26%
PassingGreg Frey
25.2%
PassingGreg Frey
25.2%
PassingGreg Frey
25.2%
PassingJim Karsatos
23.9%
PassingJim Karsatos
23.9%
ReceivingDimitrious Stanley
16.2%
ReceivingBernard Edwards
12.1%
RushingDerek Combs
10.8%
RushingVince Workman
10.3%
RushingVince Workman
10.3%
ReceivingBrian Stablein
9.1%
ReceivingJohn Frank
7.3%
RushingCalvin Murray
6.4%
ReceivingDoug Donley
6.4%
ReceivingJeff Ellis
3.4%
RushingJohn Wooldridge
3.2%
Remove Ads.
Support Sporcle.
Get the best of Sporcle when you Go Orange. This ad-free experience offers more features, more stats, and more fun while also helping to support Sporcle. Thank you for becoming a member.

You're not logged in!

Compare scores with friends on all Sporcle quizzes.
OR
Log In

Show Comments

Extras

Top Quizzes Today


Score Distribution

Your Account Isn't Verified!

In order to create a playlist on Sporcle, you need to verify the email address you used during registration. Go to your Sporcle Settings to finish the process.

Report this User

Report this user for behavior that violates our Community Guidelines.

Details: